|
|
|
|
| LEADER |
01609nam a2200433 a 4500 |
| 001 |
mzk03001212916 |
| 003 |
CZ BrMZK |
| 005 |
20150224120829.0 |
| 007 |
ta |
| 008 |
150224s1893 xr f |||| 0 cze d |
| 040 |
|
|
|a BOA001
|b cze
|
| 072 |
|
7 |
|a 821.162.3-1
|x Česká poezie
|2 Konspekt
|9 25
|
| 072 |
|
7 |
|a 094.5
|x Tisky (19. století)
|2 Konspekt
|
| 080 |
|
|
|a 821.162.3-1
|2 MRF
|
| 080 |
|
|
|a 025.171
|2 MRF
|
| 080 |
|
|
|a (0:82-193.2)
|2 MRF
|
| 100 |
1 |
|
|a Váňa, Jan,
|d 1847-1915
|7 jk01141371
|4 aut
|
| 245 |
1 |
0 |
|a Mé Krákory /
|c Na oslavu dvouletého básnického jubilea Abrahama Koblihy napsal Jan Váňa
|
| 260 |
|
|
|a [Praha] :
|b Nákladem spisovatelovým,
|c 1893
|f (J. Stolař v Praze)
|
| 300 |
|
|
|a XVI, 116 s., [1] příl. ;
|c 8°
|
| 500 |
|
|
|a Výzdoba: Sítotiskový frontispis s portrétem Abrahama Koblihy, linky
|
| 500 |
|
|
|a Původně uloženo ve spodní skříni regálu B
|
| 561 |
|
|
|a Provenience: [razítko] Hlídka literarní
|
| 563 |
|
|
|a Papírová obálka
|
| 600 |
1 |
7 |
|a Váňa, Jan,
|d 1847-1915
|7 jk01141371
|2 czenas
|
| 650 |
|
7 |
|a česká poezie
|7 ph150471
|2 czenas
|
| 650 |
|
7 |
|a historické knihovní fondy
|7 ph172933
|2 czenas
|
| 655 |
|
4 |
|a tisky 19. století
|
| 856 |
4 |
1 |
|u https://imageserver.mzk.cz/mzk03/001/212/916/328100219730.titul.jp2
|y Titulní list
|
| 910 |
|
|
|e BOE950
|c R - W. I. cc. 27
|
| 978 |
|
|
|b Váňa, Jan
|a Praha
|c 1893
|
| 978 |
|
|
|b Stolař, J.
|a Praha
|c 1893
|
| 982 |
0 |
|
|a Hlídka literarní
|
| 984 |
|
|
|a Praha
|b Česko
|
| 985 |
|
|
|a 1851-1900
|
| 990 |
|
|
|a BK
|
| 996 |
|
|
|e BOE950
|c R - W. I. cc. 27
|
| 991 |
|
|
|k rajhrad
|
| 980 |
|
|
|c 219730
|g R - W. I. cc. 27
|1 328100219730
|